000 00246nam a2200097Ia 4500
001 679978
005 20250826161332.0
008 250824s9999 xx 000 0 und d
245 0 _aMONTE KRİSTO KONTU
_cALEXANDRE DUMAS
260 _bKARATAY GENÇLİK
999 _c679978
_d679978